[Event "Vijayawad op"]
[Site "Vijayawad"]
[Date "2024.10.26"]
[Round "9"]
[White "Ramnathan, Balasubramaniam"]
[Black "Saptarshi, Roy"]
[Result "0-1"]
[WhiteElo "1964"]
[BlackElo "2291"]
[PlyCount "76"]
[EventDate "2024.10.22"]
[EventType "swiss"]
[EventRounds "9"]
[EventCountry "IND"]
[SourceTitle "CB16_2025"]
[SourceDate "2025.04.16"]
[SourceVersion "1"]
[SourceVersionDate "2025.04.16"]
[SourceQuality "1"]

1. Nf3 Nc6 2. d4 d5 3. g3 Bg4 4. Bg2 Qd7 5. h3 Bf5 6. Ne5 Nxe5 7. dxe5 0-0-0 8. e4 Bxe4 9. Bxe4 dxe4 10. Qxd7+ Rxd7 11. Nc3 f5 12. e6 Rd6 13. Bf4 Rxe6 14. 0-0-0 g5 15. Bxg5 Bh6 16. h4 Rg6 17. Nb5 Bxg5+ 18. hxg5 Rxg5 19. Nxa7+ Kb8 20. Nb5 Nf6 21. Nd4 e5 22. Ne6 Rg6 23. Rd2 e3 24. fxe3 Ne4 25. Rd8+ Rxd8 26. Nxd8 Ng5 27. e4 f4 28. gxf4 exf4 29. Rh4 Kc8 30. Nxb7 Nf3 31. Rh1 Kxb7 32. Kd1 Ng5 33. Ke2 Re6 34. Rh5 Rxe4+ 35. Kf2 Re5 36. Rh4 f3 37. Rc4 Re2+ 38. Kf1 Ne4 0-1

[Event "Vijayawad op"]
[Site "Vijayawad"]
[Date "2024.10.25"]
[Round "7"]
[White "Hemal Varshan, Andalamala"]
[Black "Ramnathan, Balasubramaniam"]
[Result "0-1"]
[WhiteElo "1833"]
[BlackElo "1964"]
[PlyCount "94"]
[EventDate "2024.10.22"]
[EventType "swiss"]
[EventRounds "9"]
[EventCountry "IND"]
[SourceTitle "CB16_2025"]
[SourceDate "2025.04.16"]
[SourceVersion "1"]
[SourceVersionDate "2025.04.16"]
[SourceQuality "1"]

1. e4 b6 2. d4 Bb7 3. Bd3 Nf6 4. Nd2 c5 5. dxc5 bxc5 6. Ngf3 g6 7. e5 Nd5 8. 0-0 Bg7 9. Be4 Qc7 10. Nb3 Nc3 11. Bxb7 Nxd1 12. Bxa8 Nxf2 13. Rxf2 0-0 14. Bf4 Nc6 15. Bxc6 Qxc6 16. Rd1 f6 17. Rfd2 fxe5 18. Bxe5 Bh6 19. Rd5 d6 20. Bg3 c4 21. Na5 Qb6+ 22. Bf2 Qxb2 23. Nc6 Rf7 24. Nfd4 a6 25. Re1 Qb7 26. Re6 Bg7 27. Ra5 Qb1+ 28. Re1 Qb7 29. Nd8 Qb6 30. Nxf7 Bxd4 31. Bxd4 Qxd4+ 32. Kf1 Kxf7 33. Ra3 c3 34. Re2 Qc4 35. Rb3 e5 36. Ke1 Qd4 37. Rf2+ Ke6 38. Rb8 Qe3+ 39. Kf1 Qc1+ 40. Ke2 Qxc2+ 41. Ke1 Qc1+ 42. Ke2 Qd2+ 43. Kf3 Qd3+ 44. Kg4 h5+ 45. Kg5 Qe3+ 46. Kxg6 Qxf2 47. Re8+ Kd5 0-1

[Event "Chennai op 14th"]
[Site "Chennai"]
[Date "2024.01.05"]
[Round "8"]
[White "Ramnathan, Balasubramaniam"]
[Black "Viani, Antonio Dcunha"]
[Result "0-1"]
[WhiteElo "1920"]
[BlackElo "2407"]
[PlyCount "60"]
[EventDate "2023.12.31"]
[EventType "swiss"]
[EventRounds "10"]
[EventCountry "IND"]
[SourceTitle "CBM 218 Extra"]
[Source "ChessBase"]
[SourceDate "2024.03.31"]
[SourceVersion "1"]
[SourceVersionDate "2024.03.31"]
[SourceQuality "1"]

1. Nf3 d5 2. b3 c5 3. e3 Nf6 4. Bb2 e6 5. Be2 Nc6 6. 0-0 Bd6 7. d4 cxd4 8. Nxd4 e5 9. Nxc6 bxc6 10. c4 0-0 11. cxd5 cxd5 12. Nc3 Bb7 13. Nb5 Bb8 14. f4 d4 15. fxe5 Qd5 16. Rf3 Qxe5 17. Rh3 Qg5 18. e4 Bxe4 19. Qf1 Nd5 20. Bf3 Bxf3 21. Rxf3 Ne3 22. Qe2 Re8 23. g3 Be5 24. Nxd4 Ng4 25. Qg2 Rad8 26. Rd1 Bxd4+ 27. Bxd4 Rxd4 28. Rxd4 Re1+ 29. Qf1 Rxf1+ 30. Kxf1 Nxh2+ 0-1

[Event "Kolkata DBCA op 4th"]
[Site "Kolkata"]
[Date "2023.09.30"]
[Round "3"]
[White "Ramnathan, Balasubramaniam"]
[Black "Neelabhro, Bandyopadhyay"]
[Result "1-0"]
[WhiteElo "1918"]
[BlackElo "1412"]
[PlyCount "75"]
[EventDate "2023.09.29"]
[EventType "swiss"]
[EventRounds "9"]
[EventCountry "IND"]
[SourceTitle "EXT 2025"]
[Source "ChessBase"]
[SourceDate "2024.10.14"]
[SourceVersion "1"]
[SourceVersionDate "2024.10.14"]
[SourceQuality "1"]

1. d4 Nf6 2. Nf3 d5 3. c4 e6 4. Nc3 Bb4 5. e3 0-0 6. Bd3 c5 7. 0-0 cxd4 8. exd4 dxc4 9. Bxc4 b6 10. Bg5 Bb7 11. Ne5 Be7 12. Qe2 Nc6 13. Rad1 Nb4 14. Rfe1 Nbd5 15. Bxf6 Bxf6 16. Nxf7 Nf4 17. Nxd8 Nxe2+ 18. Rxe2 Rfxd8 19. Bxe6+ Kf8 20. d5 Re8 21. f4 g6 22. Ne4 Kg7 23. g4 Rad8 24. Nxf6 Kxf6 25. Re5 Bc8 26. Bxc8 Rxc8 27. Rxe8 Rxe8 28. d6 Rd8 29. d7 Ke7 30. Kf2 Rxd7 31. Rxd7+ Kxd7 32. Ke3 Ke6 33. Ke4 a6 34. h4 h6 35. b4 a5 36. bxa5 bxa5 37. f5+ gxf5+ 38. gxf5+ 1-0

[Event "Hyderabad Slan op 1st"]
[Site "Hyderabad"]
[Date "2023.07.25"]
[Round "9"]
[White "Kushagra, Mohan"]
[Black "Ramnathan, Balasubramaniam"]
[Result "0-1"]
[WhiteElo "2416"]
[BlackElo "1919"]
[PlyCount "76"]
[EventDate "2023.07.21"]
[EventType "swiss"]
[EventRounds "9"]
[EventCountry "IND"]
[SourceTitle "CBM 215 Extra"]
[Source "ChessBase"]
[SourceDate "2023.09.30"]
[SourceVersion "1"]
[SourceVersionDate "2023.09.30"]
[SourceQuality "1"]

1. e4 g6 2. d4 Bg7 3. Nf3 d6 4. Bc4 c6 5. Bb3 Nf6 6. Qe2 e5 7. dxe5 dxe5 8. Nxe5 Qa5+ 9. Bd2 Qxe5 10. Bc3 Qe7 11. Nd2 Be6 12. Nc4 b5 13. e5 bxc4 14. exf6 Bxf6 15. Bxf6 Qxf6 16. Bxc4 0-0 17. Bxe6 Qxe6 18. Qxe6 fxe6 19. 0-0-0 a6 20. Rhe1 Re8 21. Rd3 Ra7 22. Red1 Kf7 23. Rh3 Rh8 24. Rf3+ Ke7 25. Re1 Rd7 26. c4 c5 27. Rfe3 Rd6 28. Re5 Nd7 29. R5e3 Rf8 30. f3 Rf4 31. b3 a5 32. Kc2 Nb8 33. Kc3 Nc6 34. a3 Rfd4 35. R1e2 Rd1 36. f4 Nd4 37. Re1 Rxe1 38. Rxe1 Rb6 0-1

[Event "Chennai Murali Mohan Memorial 2nd"]
[Site "Chennai"]
[Date "2023.07.16"]
[Round "6"]
[White "Ramnathan, Balasubramaniam"]
[Black "Prajeesh, BU."]
[Result "1-0"]
[WhiteElo "1884"]
[BlackElo "1354"]
[PlyCount "61"]
[EventDate "2023.07.15"]
[EventType "swiss (rapid)"]
[EventRounds "9"]
[EventCountry "IND"]
[SourceTitle "CBM 215 Extra"]
[Source "ChessBase"]
[SourceDate "2023.09.30"]
[SourceVersion "1"]
[SourceVersionDate "2023.09.30"]
[SourceQuality "1"]

1. d4 Nf6 2. Nf3 g6 3. b3 Bg7 4. Bb2 d5 5. e3 0-0 6. Bd3 c5 7. 0-0 Nc6 8. c4 Bg4 9. Nbd2 cxd4 10. exd4 Nb4 11. Be2 Bf5 12. Bc3 Nc6 13. Ne5 Rc8 14. Nxc6 Rxc6 15. c5 Nd7 16. b4 e5 17. Nb3 Rc8 18. dxe5 Nxe5 19. f4 Nc6 20. Bxg7 Kxg7 21. b5 Ne7 22. Qd4+ Kg8 23. Bf3 Be6 24. Rac1 Nf5 25. Qd2 Qd7 26. Qd3 Nh4 27. Nd4 Nxf3+ 28. Rxf3 Qe7 29. c6 bxc6 30. bxc6 Rfe8 31. h3 1-0

[Event "Chennai Murali Mohan Memorial 2nd"]
[Site "Chennai"]
[Date "2023.07.15"]
[Round "3"]
[White "Irulappan, G."]
[Black "Ramnathan, Balasubramaniam"]
[Result "0-1"]
[WhiteElo "1326"]
[BlackElo "1884"]
[PlyCount "84"]
[EventDate "2023.07.15"]
[EventType "swiss (rapid)"]
[EventRounds "9"]
[EventCountry "IND"]
[SourceTitle "CBM 215 Extra"]
[Source "ChessBase"]
[SourceDate "2023.09.30"]
[SourceVersion "1"]
[SourceVersionDate "2023.09.30"]
[SourceQuality "1"]

1. e4 d6 2. d4 Nf6 3. Nc3 Nbd7 4. Nf3 e5 5. Bc4 Be7 6. 0-0 0-0 7. h3 c6 8. Be3 b5 9. dxe5 dxe5 10. Bd3 Qc7 11. a3 a6 12. Nh2 Bb7 13. f3 c5 14. Be2 c4 15. Qe1 Bc5 16. Qf2 Bxe3 17. Qxe3 Nc5 18. Rad1 Rad8 19. Rfe1 Ne6 20. Nd5 Bxd5 21. exd5 Nxd5 22. Qf2 Rd7 23. Bf1 Rfd8 24. Ng4 f6 25. Qg3 Kh8 26. Kh2 Ndf4 27. Rxd7 Qxd7 28. b3 cxb3 29. cxb3 Nd4 30. b4 Nf5 31. Qf2 h5 32. Ne3 Nd4 33. g3 Nfe6 34. Rd1 h4 35. Bd3 Ng5 36. Bf5 Qc6 37. gxh4 Ngxf3+ 38. Kg3 Nxf5+ 39. Nxf5 Rxd1 40. Qxf3 Rg1+ 41. Kf2 Rf1+ 42. Kxf1 Qxf3+ 0-1

[Event "Vrindavana MMT op"]
[Site "Mathura"]
[Date "2023.04.25"]
[Round "6"]
[White "Ramnathan, Balasubramaniam"]
[Black "Sharnarthi, Viresh"]
[Result "1-0"]
[WhiteElo "1949"]
[BlackElo "1601"]
[PlyCount "167"]
[EventDate "2023.04.23"]
[EventType "swiss"]
[EventRounds "9"]
[EventCountry "IND"]
[SourceTitle "CBM 213 Extra"]
[Source "ChessBase"]
[SourceDate "2023.05.31"]
[SourceVersion "1"]
[SourceVersionDate "2023.05.31"]
[SourceQuality "1"]

1. e3 Nf6 2. b3 g6 3. Bb2 Bg7 4. f4 0-0 5. Nf3 d6 6. Be2 Nbd7 7. 0-0 b6 8. c4 Bb7 9. Nc3 e5 10. Qc2 Re8 11. Rae1 a6 12. Ng5 h6 13. Nh3 e4 14. Nf2 a5 15. a3 Nc5 16. b4 Na6 17. Na2 d5 18. c5 axb4 19. axb4 bxc5 20. bxc5 c6 21. Bd4 Bc8 22. Ra1 Nd7 23. Bxg7 Kxg7 24. Nb4 Ndxc5 25. Nxc6 Qd6 26. Nd4 Ne6 27. Nb5 Qe7 28. Ng4 h5 29. Ne5 Kh7 30. Nc6 Qc5 31. Qxc5 Nexc5 32. Nd6 Re6 33. Nxc8 Rxc6 34. Ne7 Rd6 35. f5 Kg7 36. f6+ Rxf6 37. Rxf6 Kxf6 38. Nxd5+ Ke5 39. Nc3 Nc7 40. Rb1 h4 41. Kf2 Rd8 42. Ke1 f5 43. Rb6 Rd6 44. Rb8 Nd3+ 45. Bxd3 Rxd3 46. Rg8 Rd6 47. Ne2 Nd5 48. Rh8 g5 49. Nd4 Ne7 50. Re8 Rd7 51. Rf8 Rd6 52. Rf7 Rd7 53. Nxf5 Ke6 54. Rxe7+ Rxe7 55. Nxe7 Kxe7 56. h3 Kf6 57. d3 exd3 58. Kd2 g4 59. Kxd3 gxh3 60. gxh3 Ke5 61. Ke2 Ke6 62. Kf3 Kf5 63. e4+ Ke5 64. Ke3 Ke6 65. Kf4 Kf6 66. Kg4 Ke5 67. Kxh4 Kf4 68. Kh5 Kxe4 69. Kg6 Ke5 70. h4 Kd4 71. h5 Ke5 72. h6 Kd5 73. h7 Ke5 74. h8Q+ Ke4 75. Qh3 Ke5 76. Qe3+ Kd5 77. Kf5 Kd6 78. Qe5+ Kc6 79. Ke6 Kb6 80. Kd6 Kb7 81. Qb5+ Kc8 82. Qd7+ Kb8 83. Kc6 Ka8 84. Qb7# 1-0

[Event "Vrindavana MMT op"]
[Site "Mathura"]
[Date "2023.04.24"]
[Round "4"]
[White "Ramnathan, Balasubramaniam"]
[Black "Shrihan, Sabat"]
[Result "1-0"]
[WhiteElo "1949"]
[BlackElo "1599"]
[PlyCount "61"]
[EventDate "2023.04.23"]
[EventType "swiss"]
[EventRounds "9"]
[EventCountry "IND"]
[SourceTitle "CBM 213 Extra"]
[Source "ChessBase"]
[SourceDate "2023.05.31"]
[SourceVersion "1"]
[SourceVersionDate "2023.05.31"]
[SourceQuality "1"]

1. e3 e5 2. b3 Nc6 3. Bb2 d5 4. Nf3 Bd6 5. Bb5 a6 6. Bxc6+ bxc6 7. Nxe5 Qg5 8. Nf3 Qxg2 9. Rg1 Qh3 10. Bxg7 Bg4 11. Ng5 Qxh2 12. Qxg4 Be5 13. Nf3 Nh6 14. Bxe5 Nxg4 15. Bxh2 h5 16. Nc3 0-0-0 17. Bf4 f5 18. Nh4 Rhf8 19. d4 Rde8 20. Ne2 Kd7 21. Ng6 Rg8 22. Ne5+ Nxe5 23. Bxe5 h4 24. 0-0-0 h3 25. Rxg8 Rxg8 26. Rh1 Rg2 27. Rxh3 Rxf2 28. Rh7+ Ke8 29. Nf4 Rf1+ 30. Kd2 Rf2+ 31. Kd3 1-0

[Event "Hosur op 3rd"]
[Site "Hosur"]
[Date "2023.02.05"]
[Round "9"]
[White "Ramnathan, Balasubramaniam"]
[Black "Rohith, S2."]
[Result "0-1"]
[WhiteElo "1968"]
[BlackElo "1738"]
[PlyCount "104"]
[EventDate "2023.02.01"]
[EventType "swiss"]
[EventRounds "9"]
[EventCountry "IND"]
[SourceTitle "CBM 212 Extra"]
[Source "ChessBase"]
[SourceDate "2023.03.31"]
[SourceVersion "1"]
[SourceVersionDate "2023.03.31"]
[SourceQuality "1"]

1. e3 e5 2. b3 d5 3. Bb2 Bd6 4. Nf3 Qe7 5. c4 dxc4 6. bxc4 c6 7. Be2 Nf6 8. d4 e4 9. Nfd2 0-0 10. h3 h6 11. Qb3 Re8 12. Nc3 Nbd7 13. a4 c5 14. d5 a5 15. Bd1 Nb8 16. g4 Na6 17. Bc2 Be5 18. Ndxe4 Nxe4 19. Bxe4 Nb4 20. Bb1 Qh4 21. Ke2 h5 22. Bf5 Bxf5 23. gxf5 Bf6 24. Rag1 Ra6 25. Nd1 Kf8 26. Bxf6 Rxf6 27. Qc3 Re4 28. Nb2 g6 29. Rg2 Rxf5 30. Qh8+ Ke7 31. d6+ Kxd6 32. Rd1+ Kc7 33. Qa8 Nc6 34. Rd5 Qxh3 35. Rg3 Qh4 36. Rxf5 gxf5 37. Qf8 Qf6 38. Qg7 Qe6 39. Kf1 f4 40. Rf3 Ne5 41. Rxf4 Rxf4 42. exf4 Nxc4 43. f5 Nd2+ 44. Kg1 Qxf5 45. Qg3+ Kc6 46. Qc3 Qg4+ 47. Kh1 Qf3+ 48. Qxf3+ Nxf3 49. Nc4 b5 50. axb5+ Kxb5 51. Nd6+ Kb4 52. Kg2 a4 0-1

[Event "Hosur op 3rd"]
[Site "Hosur"]
[Date "2023.02.02"]
[Round "3"]
[White "Ramnathan, Balasubramaniam"]
[Black "Lakshmi Charan Naidu, G."]
[Result "1-0"]
[WhiteElo "1968"]
[BlackElo "1530"]
[PlyCount "83"]
[EventDate "2023.02.01"]
[EventType "swiss"]
[EventRounds "9"]
[EventCountry "IND"]
[SourceTitle "CBM 212 Extra"]
[Source "ChessBase"]
[SourceDate "2023.03.31"]
[SourceVersion "1"]
[SourceVersionDate "2023.03.31"]
[SourceQuality "1"]

1. e3 d5 2. b3 Nf6 3. Bb2 e6 4. f4 Be7 5. Nf3 b6 6. Bb5+ c6 7. Be2 Bb7 8. 0-0 0-0 9. Ne5 Nbd7 10. d3 Ne8 11. Nd2 f6 12. Nef3 Qc7 13. Nd4 Qd6 14. f5 Nc7 15. fxe6 Nc5 16. Bg4 N5xe6 17. Bxe6+ Nxe6 18. Nf5 Qd7 19. Qg4 Bc8 20. e4 Bc5+ 21. Kh1 Nd4 22. b4 Bxb4 23. Bxd4 Bxd2 24. Rad1 Bb4 25. e5 Qc7 26. exf6 Bxf5 27. Rxf5 Qd7 28. Rdf1 Rae8 29. Qg3 Rf7 30. Be5 Qe6 31. d4 c5 32. c3 Ba3 33. h4 cxd4 34. cxd4 Bc1 35. R5f3 Bh6 36. h5 b5 37. fxg7 Ree7 38. Rf6 Qd7 39. R1f3 a5 40. Rxh6 Qc8 41. Kh2 Qc1 42. Rxh7 1-0

[Event "Hosur op 3rd"]
[Site "Hosur"]
[Date "2023.02.01"]
[Round "2"]
[White "Aaryan, Amol Waghmare"]
[Black "Ramnathan, Balasubramaniam"]
[Result "0-1"]
[WhiteElo "1413"]
[BlackElo "1968"]
[PlyCount "70"]
[EventDate "2023.02.01"]
[EventType "swiss"]
[EventRounds "9"]
[EventCountry "IND"]
[SourceTitle "CBM 212 Extra"]
[Source "ChessBase"]
[SourceDate "2023.03.31"]
[SourceVersion "1"]
[SourceVersionDate "2023.03.31"]
[SourceQuality "1"]

1. d4 Nf6 2. Bf4 b6 3. e3 Bb7 4. Nd2 e6 5. Ngf3 Be7 6. Bd3 Nh5 7. Bg3 d6 8. c3 Nd7 9. Qc2 h6 10. e4 Nxg3 11. hxg3 c5 12. e5 cxd4 13. exd6 dxc3 14. Qxc3 Bf6 15. Qa3 0-0 16. Be4 Bd5 17. Bxd5 exd5 18. 0-0 Nc5 19. Rad1 a5 20. Rfe1 Qxd6 21. Nc4 Qc6 22. Nce5 Qb7 23. Ng4 Be7 24. Qe3 Ne4 25. Qb3 Rad8 26. Ne3 Bc5 27. Nd4 Rfe8 28. Rd3 Bb4 29. Red1 Nc5 30. Qc2 Nxd3 31. Qxd3 Bc5 32. Qb5 Qd7 33. Qb3 Re4 34. Ndf5 d4 35. Nh4 dxe3 0-1

[Event "Gujarat op 3rd"]
[Site "Ahmedabad"]
[Date "2022.04.02"]
[Round "4"]
[White "Ramnathan, Balasubramaniam"]
[Black "Krishna, C Revanth Gopala"]
[Result "0-1"]
[WhiteElo "2130"]
[BlackElo "2466"]
[PlyCount "72"]
[EventDate "2022.03.31"]
[EventType "swiss"]
[EventRounds "10"]
[EventCountry "IND"]
[SourceTitle "CBM 207 Extra"]
[Source "ChessBase"]
[SourceDate "2022.05.31"]
[SourceVersion "1"]
[SourceVersionDate "2022.05.31"]
[SourceQuality "1"]

1. e4 e6 2. d3 d5 3. Nd2 Nf6 4. g3 c5 5. Bg2 g6 6. Ne2 Nc6 7. 0-0 Bg7 8. h3 0-0 9. f4 a5 10. g4 Ne8 11. e5 f6 12. exf6 Qxf6 13. Nf3 b6 14. a3 Ba6 15. Rb1 Nc7 16. Bd2 Qe7 17. Ng3 Qd6 18. Qe2 Rae8 19. Rbe1 Bxb2 20. c3 Nb5 21. Ng5 Nxc3 22. Qf2 Na4 23. f5 Bd4 24. Be3 exf5 25. Bxd4 Rxe1 26. Qxe1 Nxd4 27. gxf5 Bxd3 28. fxg6 Bxf1 29. gxh7+ Kh8 30. Nxf1 Qf6 31. h4 Nf5 32. Kh2 Nb2 33. Kh3 Nd3 34. Qd2 Qh6 35. Bxd5 Qxh4+ 36. Kg2 Nf4+ 0-1

[Event "Kolhapur Kulkarni Memorial"]
[Site "Kolhapur"]
[Date "2021.12.09"]
[Round "10"]
[White "Dhiren, Mor"]
[Black "Ramnathan, Balasubramaniam"]
[Result "1/2-1/2"]
[WhiteElo "1429"]
[BlackElo "2181"]
[PlyCount "113"]
[EventDate "2021.12.04"]
[EventType "swiss"]
[EventRounds "10"]
[EventCountry "IND"]
[SourceTitle "EXT 2023"]
[Source "ChessBase"]
[SourceDate "2022.10.05"]
[SourceVersion "1"]
[SourceVersionDate "2022.10.05"]
[SourceQuality "1"]

1. e4 d6 2. d4 Nf6 3. Nc3 Nbd7 4. f4 e5 5. fxe5 dxe5 6. dxe5 Nxe5 7. Qxd8+ Kxd8 8. Bg5 c6 9. Nf3 Bd6 10. 0-0-0 Ke7 11. Be2 Nxf3 12. gxf3 h6 13. Be3 Be6 14. a3 g5 15. Kb1 Nh5 16. Bd3 b6 17. Ne2 Be5 18. c4 Rad8 19. b3 Bh3 20. Rhg1 Be6 21. Rh1 f5 22. Bc2 fxe4 23. Bxe4 c5 24. Rxd8 Rxd8 25. h4 Nf4 26. Nc1 Ng2 27. Bf2 Nxh4 28. Bxh4 gxh4 29. Rxh4 Rd1 30. Kc2 Bf6 31. Kxd1 Bxh4 32. Nd3 Bg3 33. Ke2 Kf6 34. f4 Bg4+ 35. Ke3 h5 36. Ne5 Bd1 37. b4 Bh2 38. bxc5 bxc5 39. Nd7+ Ke7 40. Nxc5 Bg1+ 41. Kd2 Bxc5 42. Kxd1 Bxa3 43. Ke2 Bc5 44. Kf3 a5 45. Bc6 Kd6 46. Ba4 Bd4 47. Kg3 Bf6 48. f5 Kc5 49. Bb5 Kd4 50. Kf4 Be7 51. Be8 h4 52. Bb5 Kc5 53. Kg4 Kb4 54. Kh3 a4 55. Bxa4 Kxa4 56. c5 Kb5 57. Kg2 1/2-1/2

[Event "Tamil Nadu-ch 68th"]
[Site "Tirunelveli"]
[Date "2021.04.01"]
[Round "7"]
[White "Godson, Merlin E"]
[Black "Ramnathan, Balasubramaniam"]
[Result "0-1"]
[WhiteElo "1769"]
[BlackElo "2180"]
[PlyCount "34"]
[EventDate "2021.03.29"]
[EventType "swiss"]
[EventRounds "9"]
[EventCountry "IND"]
[SourceTitle "EXT 2022"]
[Source "ChessBase"]
[SourceDate "2021.10.06"]
[SourceVersion "1"]
[SourceVersionDate "2021.10.06"]
[SourceQuality "1"]

1. Nf3 Nf6 2. c4 c6 3. d4 d5 4. Nc3 g6 5. cxd5 cxd5 6. Bf4 a6 7. Qb3 Bg7 8. e3 Nc6 9. h3 0-0 10. Bd3 b5 11. 0-0 Bf5 12. Bxf5 gxf5 13. Ne5 Na5 14. Qc2 e6 15. Qe2 Nd7 16. Nf3 Qe7 17. Rfc1 Rfc8 0-1

[Event "Tamil Nadu-ch 68th"]
[Site "Tirunelveli"]
[Date "2021.03.31"]
[Round "6"]
[White "Ramnathan, Balasubramaniam"]
[Black "Pranav, V."]
[Result "0-1"]
[WhiteElo "2180"]
[BlackElo "2348"]
[PlyCount "84"]
[EventDate "2021.03.29"]
[EventType "swiss"]
[EventRounds "9"]
[EventCountry "IND"]
[SourceTitle "EXT 2022"]
[Source "ChessBase"]
[SourceDate "2021.10.06"]
[SourceVersion "1"]
[SourceVersionDate "2021.10.06"]
[SourceQuality "1"]

1. Nf3 Nf6 2. b3 d5 3. Bb2 e6 4. e3 Be7 5. Be2 c5 6. c4 0-0 7. 0-0 Nc6 8. d4 cxd4 9. Nxd4 Bd7 10. Nc3 dxc4 11. Bxc4 Ne5 12. Be2 Qb6 13. Qc2 Rac8 14. Rac1 Qa5 15. Qb1 a6 16. Nf3 Ng6 17. Rfd1 Ba3 18. Bd3 Rfd8 19. Ne4 Rxc1 20. Nxf6+ gxf6 21. Rxc1 e5 22. h3 Bc6 23. Be2 f5 24. Bc3 Qc7 25. Bb2 Bxb2 26. Qxb2 Qe7 27. Rd1 Re8 28. Qc3 f4 29. exf4 Nxf4 30. Bf1 Qf6 31. Ne1 Qf5 32. Kh2 Kh8 33. Qe3 Rg8 34. Rd2 f6 35. g3 Ne6 36. Nc2 Ng5 37. Ne1 Ne4 38. Bd3 Nxd2 39. Qxd2 Qg5 40. Qb4 f5 41. Qc4 f4 42. g4 e4 0-1

[Event "IND-chT 40th"]
[Site "Ahmedabad"]
[Date "2020.02.10"]
[Round "6.4"]
[White "Adarsh, Tripathi"]
[Black "Ramnathan, Balasubramaniam"]
[Result "1-0"]
[WhiteElo "2100"]
[BlackElo "2200"]
[PlyCount "119"]
[EventDate "2020.02.07"]
[EventType "team-swiss"]
[EventRounds "9"]
[EventCountry "IND"]
[SourceTitle "CBM 194 Extra"]
[Source "ChessBase"]
[SourceDate "2020.03.31"]
[SourceVersion "1"]
[SourceVersionDate "2020.03.31"]
[SourceQuality "1"]
[WhiteTeam "Delhi II"]
[BlackTeam "Tamil Nadu"]
[WhiteTeamCountry "IND"]
[BlackTeamCountry "IND"]

1. e4 e5 2. Nf3 Nf6 3. Nc3 Nc6 4. a3 d6 5. Bc4 Be7 6. h3 0-0 7. d4 exd4 8. Nxd4 Bd7 9. 0-0 a6 10. Be3 b5 11. Ba2 Na5 12. b4 Nb7 13. Nd5 c5 14. Nf5 Bxf5 15. exf5 c4 16. c3 Nxd5 17. Qxd5 Qd7 18. Bd4 Rae8 19. Bb1 Bf6 20. Bxf6 gxf6 21. Qd4 Qe7 22. Bc2 Qe5 23. Rad1 d5 24. Qg4+ Kh8 25. Rd4 Rg8 26. Qh5 Nd6 27. Rfd1 Rg5 28. Qf3 Nxf5 29. Rf4 Nd6 30. h4 Rg7 31. Rxd5 Qe1+ 32. Kh2 Re6 33. Rxf6 Ne8 34. Rxf7 Rh6 35. Rf8+ Rg8 36. Rh5 Qd2 37. Rxg8+ Kxg8 38. Qg4+ Kf8 39. Rxh6 Qxh6 40. Qf5+ Ke7 41. g3 Qf6 42. Qe4+ Kd6 43. Qe3 Qf7 44. Be4 Nf6 45. Qc5+ Kd7 46. Bc6+ Kd8 47. Qd6+ Kc8 48. Bf3 Nd7 49. Qxa6+ Kd8 50. Kg2 Qf5 51. Qa8+ Kc7 52. Qa5+ Kd6 53. a4 Ne5 54. Qb6+ Ke7 55. Qb7+ Kd6 56. Qd5+ Kc7 57. a5 Qf6 58. Qb7+ Kd8 59. a6 Nxf3 60. a7 1-0

[Event "Rajkot RCPA op 2nd"]
[Site "Rajkot"]
[Date "2019.08.14"]
[Round "2"]
[White "Borkhetariya Devarsh, M."]
[Black "Ramnathan, Balasubramaniam"]
[Result "0-1"]
[WhiteElo "1352"]
[BlackElo "2200"]
[PlyCount "166"]
[EventDate "2019.08.13"]
[EventType "swiss"]
[EventRounds "10"]
[EventCountry "IND"]
[SourceTitle "EXT 2021"]
[Source "ChessBase"]
[SourceDate "2020.10.23"]
[SourceVersion "1"]
[SourceVersionDate "2020.10.23"]
[SourceQuality "1"]

1. e4 e5 2. Nf3 Nf6 3. d4 Nxe4 4. Bd3 d5 5. Nxe5 Be7 6. 0-0 0-0 7. c4 Nf6 8. Nc3 c6 9. Bf4 Be6 10. cxd5 Nxd5 11. Bg3 Nd7 12. Re1 N7f6 13. a3 Re8 14. h3 Rc8 15. Rc1 Nxc3 16. Rxc3 Qb6 17. b4 Rcd8 18. Nf3 a5 19. bxa5 Qxa5 20. Qc1 Ra8 21. Re5 Qd8 22. Qb1 Bc8 23. Bc4 Nd5 24. Bxd5 cxd5 25. Rce3 Be6 26. Rb3 Rxa3 27. Rxa3 Bxa3 28. Qxb7 Bd6 29. Re1 Bxg3 30. fxg3 h6 31. Kh2 Re7 32. Qb4 Rc7 33. Rb1 Bf5 34. Rb2 Rc8 35. Re2 Be4 36. Rf2 Rb8 37. Qc5 Qf6 38. Qc7 Rb3 39. Qe5 Qxe5 40. Nxe5 f6 41. Nf3 Rb4 42. Rd2 Kf7 43. Kg1 Ke6 44. Kf2 h5 45. h4 Kf5 46. Rd1 Rb3 47. Rd2 Bd3 48. Ne1 Bc4 49. Nf3 Ke4 50. Rd1 Rb2+ 51. Kg1 Be2 52. Re1 Ke3 53. Kh2 Kf2 54. Ra1 Bxf3 55. gxf3 Kxf3+ 56. Kh3 Ke4 57. Ra7 g5 58. hxg5 fxg5 59. Rh7 g4+ 60. Kh4 Rh2+ 61. Kg5 Kxd4 62. Rd7 Ke4 63. Re7+ Kd3 64. Ra7 d4 65. Ra3+ Ke4 66. Ra1 d3 67. Rd1 d2 68. Rxd2 Rxd2 69. Kxh5 Kf3 70. Kh4 Rd8 71. Kg5 Kxg3 72. Kf5 Kf3 73. Ke5 g3 74. Ke6 g2 75. Ke7 Rd4 76. Ke6 g1Q 77. Kf6 Qg4 78. Ke7 Qg7+ 79. Ke6 Qd7+ 80. Kf6 Rf4+ 81. Kg5 Qg7+ 82. Kh5 Rf5+ 83. Kh4 Qg4# 0-1

[Event "India rating op"]
[Site "India"]
[Date "2019.02.03"]
[Round "6"]
[White "Chhabra, Aakash"]
[Black "Ramnathan, Balasubramaniam"]
[Result "1-0"]
[WhiteElo "1601"]
[BlackElo "2238"]
[PlyCount "84"]
[EventDate "2019.02.03"]
[EventType "swiss"]
[EventRounds "11"]
[EventCountry "IND"]
[SourceTitle "EXT 2021"]
[Source "ChessBase"]
[SourceDate "2020.10.23"]
[SourceVersion "1"]
[SourceVersionDate "2020.10.23"]
[SourceQuality "1"]

1. d4 d5 2. c4 c6 3. Nc3 Nf6 4. cxd5 cxd5 5. Bf4 a6 6. e3 Nc6 7. Bd3 e6 8. Nf3 Bd6 9. Bg3 0-0 10. 0-0 b5 11. a3 Bb7 12. b4 Re8 13. Be2 Rc8 14. Rc1 e5 15. dxe5 Nxe5 16. Nxe5 Bxe5 17. Bxe5 Rxe5 18. Bf3 Rc4 19. Ne2 Qe7 20. Nd4 h6 21. Qd2 Qc7 22. Be2 Ne4 23. Qb2 Rxc1 24. Rxc1 Qe7 25. Bf3 Nd6 26. Qe2 Nc4 27. Qd3 Qd7 28. h3 Re8 29. Rc3 Rc8 30. Bg4 Qd8 31. Bxc8 Qxc8 32. Qf5 Qc7 33. Qf4 Qd8 34. Nb3 Bc6 35. Nc5 a5 36. Qd4 Qa8 37. Rc1 Qd8 38. e4 Nxa3 39. exd5 axb4 40. Rd1 Bd7 41. d6 Nc4 42. Qe4 Kf8 1-0

[Event "India rating op"]
[Site "India"]
[Date "2019.02.03"]
[Round "2"]
[White "Mali, Nilesh"]
[Black "Ramnathan, Balasubramaniam"]
[Result "0-1"]
[WhiteElo "1313"]
[BlackElo "2238"]
[PlyCount "64"]
[EventDate "2019.02.03"]
[EventType "swiss"]
[EventRounds "11"]
[EventCountry "IND"]
[SourceTitle "EXT 2021"]
[Source "ChessBase"]
[SourceDate "2020.10.23"]
[SourceVersion "1"]
[SourceVersionDate "2020.10.23"]
[SourceQuality "1"]

1. d4 d5 2. Bf4 Bf5 3. e3 c6 4. Bd3 Bxd3 5. Qxd3 Nf6 6. Nd2 e6 7. Ngf3 Bd6 8. Bxd6 Qxd6 9. c3 Nbd7 10. h3 0-0 11. 0-0 e5 12. dxe5 Nxe5 13. Nxe5 Qxe5 14. Rfe1 Rfe8 15. Rad1 Rad8 16. Qc2 h6 17. b3 Qc7 18. Re2 Re7 19. Rde1 Rde8 20. e4 Re6 21. Qd3 Qe7 22. f3 dxe4 23. Nxe4 Nd5 24. Qd2 f5 25. Ng3 Qc5+ 26. Kf1 Ne3+ 27. Kg1 Nc2+ 28. Kh2 Nxe1 29. Rxe6 Rxe6 30. Qd8+ Kh7 31. Qd7 Qd5 32. c4 Qxd7 0-1